[Event "GER-chT U12"]
[Site "Verden"]
[Date "2005.12.30"]
[Round "7.4"]
[White "Mueller, Steven"]
[Black "Kulok, Solomon"]
[Result "0-1"]
[WhiteElo "941"]
[BlackElo "1132"]
[PlyCount "54"]
[EventDate "2005.12.27"]
[EventType "team-swiss"]
[EventRounds "7"]
[EventCountry "GER"]
[SourceTitle "CBM 110 Extra"]
[Source "ChessBase"]
[SourceDate "2006.03.10"]
[SourceVersion "2"]
[SourceVersionDate "2006.03.10"]
[SourceQuality "1"]

1. e4 c5 2. Nf3 Nc6 3. d4 cxd4 4. Nxd4 g6 5. Nc3 Bg7 6. Be3 Nf6 7. Bc4 0-0 8. h3 e6 9. Qd2 d5 10. exd5 Nxd5 11. Bxd5 exd5 12. 0-0-0 Be6 13. f3 Re8 14. Nxe6 fxe6 15. Bh6 Qa5 16. a3 Bxc3 17. Qxc3 Qxc3 18. bxc3 Na5 19. Rhe1 Nc4 20. Re2 Rac8 21. Rde1 Rc6 22. Be3 a6 23. a4 b5 24. axb5 axb5 25. Bd4 Ra6 26. Kb1 Rea8 27. Rxe6 Ra1# 0-1

[Event "GER-chT U12"]
[Site "Verden"]
[Date "2005.12.29"]
[Round "5.4"]
[White "Mueller, Steven"]
[Black "Bartholdus, Daniela"]
[Result "1-0"]
[WhiteElo "941"]
[BlackElo "906"]
[PlyCount "71"]
[EventDate "2005.12.27"]
[EventType "team-swiss"]
[EventRounds "7"]
[EventCountry "GER"]
[SourceTitle "CBM 110 Extra"]
[Source "ChessBase"]
[SourceDate "2006.03.10"]
[SourceVersion "2"]
[SourceVersionDate "2006.03.10"]
[SourceQuality "1"]

1. e4 c5 2. Nf3 Nc6 3. d4 cxd4 4. Nxd4 g6 5. Nc3 Bg7 6. Be3 Nf6 7. Bc4 0-0 8. f3 Qb6 9. Bb3 Nxe4 10. Nf5 Nxc3 11. bxc3 Bxc3+ 12. Kf2 Qb5 13. Nd4 Nxd4 14. Bxd4 Bxa1 15. Bxa1 Qc5+ 16. Ke1 d6 17. Qc1 Qb4+ 18. Kf1 Qb5+ 19. Ke1 Qh5 20. Qb2 e5 21. f4 Qh4+ 22. g3 Qf6 23. Rf1 Qe7 24. Kd2 Bh3 25. Re1 Be6 26. fxe5 dxe5 27. Rxe5 Rad8+ 28. Kc1 Bxb3 29. Rxe7 f6 30. Qxb3+ Kh8 31. Qxb7 Rd1+ 32. Kxd1 Rd8+ 33. Kc1 Rd1+ 34. Kxd1 Kg8 35. Rg7+ Kf8 36. Qf7# 1-0

[Event "Saarland-ch D"]
[Site "Saarlouis Steinrausch"]
[Date "2005.03.24"]
[Round "7"]
[White "Mueller, Steven"]
[Black "Heim, Daniel"]
[Result "0-1"]
[WhiteElo "784"]
[BlackElo "1091"]
[PlyCount "44"]
[EventDate "2005.03.18"]
[EventType "swiss"]
[EventRounds "9"]
[EventCountry "GER"]
[SourceTitle "EXT 2012"]
[Source "ChessBase"]
[SourceDate "2011.11.24"]
[SourceVersion "1"]
[SourceVersionDate "2011.11.24"]
[SourceQuality "1"]

1. e4 e5 2. Nc3 Nf6 3. Bc4 Be7 4. Nf3 Nc6 5. d3 d6 6. h3 0-0 7. Qe2 Bd7 8. Be3 Na5 9. 0-0-0 Nxc4 10. dxc4 c6 11. Rhe1 a6 12. a3 Be6 13. c5 Qc7 14. cxd6 Bxd6 15. Qf1 Rfd8 16. Qe2 b5 17. b4 Bc4 18. Rd3 Bxd3 19. cxd3 c5 20. bxc5 Bxc5 21. Qb2 Rxd3 22. Kc2 Bxa3 0-1

[Event "Saarland-ch D"]
[Site "Saarlouis Steinrausch"]
[Date "2005.03.21"]
[Round "4"]
[White "Bruehan, Caren"]
[Black "Mueller, Steven"]
[Result "0-1"]
[WhiteElo "774"]
[BlackElo "784"]
[PlyCount "102"]
[EventDate "2005.03.18"]
[EventType "swiss"]
[EventRounds "9"]
[EventCountry "GER"]
[SourceTitle "EXT 2012"]
[Source "ChessBase"]
[SourceDate "2011.11.24"]
[SourceVersion "1"]
[SourceVersionDate "2011.11.24"]
[SourceQuality "1"]

1. e4 e5 2. Nf3 Nc6 3. Bb5 Bc5 4. Bxc6 dxc6 5. d3 h6 6. Nxe5 Qd4 7. Be3 Qxe5 8. d4 Bxd4 9. Qxd4 Qxd4 10. Bxd4 Nf6 11. Bxf6 gxf6 12. 0-0 Rg8 13. h3 Bxh3 14. Kh2 Be6 15. Re1 0-0-0 16. Nc3 Rd2 17. Re2 Rxe2 18. Nxe2 f5 19. e5 Bd5 20. Nf4 Kd7 21. Nxd5 cxd5 22. Rd1 Ke6 23. f4 Rg4 24. Rd4 c5 25. Ra4 a6 26. g3 d4 27. c3 Kd5 28. cxd4 cxd4 29. Ra5+ Ke4 30. e6 fxe6 31. Re5+ Kf3 32. Rxe6 h5 33. Rd6 h4 34. gxh4 Rxh4+ 35. Kg1 Rxf4 36. Rd7 Ke2 37. Rxb7 d3 38. Re7+ Kd1 39. a3 d2 40. b4 Kc2 41. Rc7+ Kb1 42. Rd7 Kc1 43. Rc7+ Kd1 44. a4 Ke1 45. Re7+ Re4 46. Rxe4+ fxe4 47. b5 axb5 48. axb5 d1Q 49. b6 Ke2+ 50. Kh2 Kf2 51. b7 Qh5# 0-1